[Event "Titled Tuesday intern op 24th Nov"]
[Site "Chess.com INT"]
[Date "2020.11.24"]
[Round "7"]
[White "Khalafova, Narmin Ilgar Qizi"]
[Black "Campelo, Leandro Fabricio"]
[Result "1-0"]
[WhiteElo "2279"]
[BlackElo "2154"]
[PlyCount "59"]
[EventDate "2020.11.24"]
[EventType "swiss (blitz)"]
[EventRounds "11"]
[EventCountry "USA"]
[SourceTitle "CBM 199 Extra"]
[Source "ChessBase"]
[SourceDate "2021.01.31"]
[SourceVersion "1"]
[SourceVersionDate "2021.01.31"]
[SourceQuality "1"]

1. b3 c5 2. Bb2 Nc6 3. e4 d6 4. Bb5 Bd7 5. f4 e5 6. Nf3 exf4 7. 0-0 Nf6 8. d3 Be7 9. Nc3 0-0 10. Qd2 a6 11. Bxc6 Bxc6 12. Qxf4 d5 13. exd5 Nxd5 14. Nxd5 Qxd5 15. Rae1 Rae8 16. Qg4 f6 17. Nh4 Bd8 18. Nf5 g6 19. Ne3 Qf7 20. Nc4 Rxe1 21. Rxe1 Bc7 22. Qe6 Re8 23. Qxf7+ Kxf7 24. Rxe8 Kxe8 25. Bxf6 Kf7 26. Be5 Bd8 27. Bd6 b5 28. Ne5+ Ke6 29. Nxc6 Kxd6 30. Nxd8 1-0

[Event "Titled Tuesday intern op 10th Nov"]
[Site "Chess.com INT"]
[Date "2020.11.10"]
[Round "3"]
[White "Khalafova, Narmin Ilgar Qizi"]
[Black "Campelo, Leandro Fabricio"]
[Result "1-0"]
[WhiteElo "2279"]
[BlackElo "2154"]
[PlyCount "73"]
[EventDate "2020.11.10"]
[EventType "swiss (blitz)"]
[EventRounds "11"]
[EventCountry "USA"]
[SourceTitle "CBM 199 Extra"]
[Source "ChessBase"]
[SourceDate "2021.01.31"]
[SourceVersion "1"]
[SourceVersionDate "2021.01.31"]
[SourceQuality "1"]

1. e4 c5 2. Nf3 e6 3. d4 cxd4 4. Nxd4 Nc6 5. Nc3 Qc7 6. Be3 Nf6 7. Be2 a6 8. 0-0 Bb4 9. Na4 Be7 10. Nxc6 bxc6 11. Nb6 Rb8 12. Nxc8 Qxc8 13. e5 Nd5 14. Bd4 c5 15. c4 cxd4 16. cxd5 Qc5 17. dxe6 dxe6 18. Qa4+ Kf8 19. Rac1 Qxe5 20. Bxa6 g6 21. Rfd1 Bf6 22. b4 Kg7 23. b5 Rhd8 24. Rd3 Qd6 25. Qc4 e5 26. f3 Bg5 27. Re1 f5 28. a4 Bf6 29. a5 Re8 30. b6 e4 31. fxe4 fxe4 32. Rdd1 d3 33. Qc7+ Qe7 34. Rxe4 Qxc7 35. bxc7 Rxe4 36. cxb8Q Bd4+ 37. Kf1 1-0

[Event "Taubate op"]
[Site "Taubate"]
[Date "2020.11.02"]
[Round "6"]
[White "Pavao, Fabio Biasi"]
[Black "Campelo, Leandro Fabricio"]
[Result "0-1"]
[WhiteElo "1722"]
[BlackElo "2154"]
[PlyCount "74"]
[EventDate "2020.10.31"]
[EventType "swiss"]
[EventRounds "6"]
[EventCountry "BRA"]
[SourceTitle "CBM 199 Extra"]
[Source "ChessBase"]
[SourceDate "2021.01.31"]
[SourceVersion "1"]
[SourceVersionDate "2021.01.31"]
[SourceQuality "1"]

1. Nf3 Nf6 2. g3 g6 3. Bg2 Bg7 4. 0-0 0-0 5. d3 d6 6. c4 e5 7. Nc3 Nc6 8. Rb1 a5 9. a3 h6 10. b4 axb4 11. axb4 Be6 12. b5 Ne7 13. h3 Qc8 14. Kh2 Nh7 15. e4 f5 16. Nd5 Rf7 17. Nxe7+ Rxe7 18. Nh4 f4 19. Nxg6 Rf7 20. Nh4 Ng5 21. g4 h5 22. f3 hxg4 23. hxg4 Bf6 24. Rh1 Nxe4 25. dxe4 Rh7 26. Kg1 Bxh4 27. Qb3 c6 28. b6 Qd7 29. Qd3 Ra2 30. Bb2 c5 31. Qb3 Qa4 32. Rxh4 Rxh4 33. Qd3 Qc6 34. Bxe5 Qa4 35. Bxd6 Rxg2+ 36. Kxg2 Qa2+ 37. Kg1 Qh2+ 0-1

[Event "Taubate op"]
[Site "Taubate"]
[Date "2020.11.01"]
[Round "3"]
[White "Campelo, Leandro Fabricio"]
[Black "Do Valle Cardoso, Lucas"]
[Result "0-1"]
[WhiteElo "2154"]
[BlackElo "2301"]
[PlyCount "58"]
[EventDate "2020.10.31"]
[EventType "swiss"]
[EventRounds "6"]
[EventCountry "BRA"]
[SourceTitle "CBM 199 Extra"]
[Source "ChessBase"]
[SourceDate "2021.01.31"]
[SourceVersion "1"]
[SourceVersionDate "2021.01.31"]
[SourceQuality "1"]

1. e4 e5 2. Nf3 Nc6 3. Bb5 a6 4. Ba4 d6 5. Bxc6+ bxc6 6. d4 exd4 7. Nxd4 Bd7 8. c4 Be7 9. Nc3 Nf6 10. 0-0 0-0 11. h3 Re8 12. Re1 c5 13. Nf5 Bf8 14. Qf3 Bxf5 15. Qxf5 g6 16. Qf3 Nd7 17. Bf4 Bg7 18. Rad1 Ne5 19. Bxe5 Bxe5 20. g3 c6 21. Re3 Rb8 22. b3 Qa5 23. Kg2 Re6 24. Na4 Rbe8 25. Re2 Bd4 26. Rde1 Rf6 27. Qd3 Rxf2+ 28. Kh1 f5 29. Nc3 Qxc3 0-1